000 00598nam a2200169Ia 4500
008 090711s9999 xx 000 0 und d
082 _b20096
100 _aशेट्ये विश्र्वनाथ गो.
245 _aसं. राम रहीम
260 _bलोकमान्य प्रेस
_c1924
300 _a92
600 _aशेट्ये विश्र्वनाथ गो.
630 _aसं. राम रहीम
700 _aशेट्ये विश्र्वनाथ गो.
730 _aसं. राम रहीम
942 _cBOOK
999 _c326301
_d326301